| 000 | 00679nam a2200205 a 4500 | ||
|---|---|---|---|
| 001 | 000023553 | ||
| 005 | 20200930022313.0 | ||
| 008 | 101213s1977 ag 000 0 spa d | ||
| 040 |
_aDO-SdBNP _bspa _cBNPHU |
||
| 041 | 1 | 7 |
_aspa _heng _2Código de idiomas MARC |
| 082 |
_ann* _bnn* |
||
| 100 | 1 |
_aWells, Evelyn. _948551 |
|
| 240 | 1 | 0 |
_aI am thinking of Kelda. _lEspañol |
| 245 | 1 | 0 |
_aPensando en Kelda / _cEvelyn Wells ; traducción María Luisa Martínez Alinari. |
| 260 |
_aBuenos Aires : _bCorregidor, _c1977. |
||
| 300 |
_a167 p. ; _c19 cm. |
||
| 534 |
_aTítulo original : _tIam thinking of Kelda |
||
| 700 | 1 |
_aMartínez Alinari, María Luisa, _etr. _948552 |
|
| 049 | _aBNGR | ||
| 999 |
_c23049 _d23049 |
||